[Event "2nd Easter 4NCL Congress"]
[Site "Daventry"]
[Date "2022.04.15"]
[Round "1"]
[Board "17"]
[White "Ackley, Peter Je"]
[Black "Gibson, Christopher A"]
[Result "0-1"]
[WhiteElo "2156"]
[BlackElo "1899"]
[PlyCount "0"]
[EventDate "2022.04.15"]
[EventRounds "7"]
[EventCountry "ENG"]

1. g3 {[%clk 01:30:59]} c5 {[%clk 01:30:48]} {[%emt 00:00:13]} 2. Bg2 {[%clk
01:31:21]} {[%emt 00:00:07]} g6 {[%clk 01:31:06]} {[%emt 00:00:11]} 3. Nf3
{[%clk 01:31:09]} {[%emt 00:00:43]} Bg7 {[%clk 01:31:18]} {[%emt 00:00:18]} 4.
O-O {[%clk 01:31:02]} {[%emt 00:00:37]} Nc6 {[%clk 01:30:54]} {[%emt 00:00:54]}
5. c4 {[%clk 01:29:59]} {[%emt 00:01:33]} d6 {[%clk 01:30:41]} {[%emt
00:00:43]} 6. Nc3 {[%clk 01:30:14]} {[%emt 00:00:16]} e5 {[%clk 01:29:44]}
{[%emt 00:01:26]} 7. a3 {[%clk 01:28:34]} {[%emt 00:02:11]} a5 {[%clk
01:28:45]} {[%emt 00:01:29]} 8. Ne1 {[%clk 01:26:57]} {[%emt 00:02:07]} Be6
{[%clk 01:28:31]} {[%emt 00:00:43]} 9. d3 {[%clk 01:27:00]} {[%emt 00:00:28]}
Nge7 {[%clk 01:28:39]} {[%emt 00:00:22]} 10. Nc2 {[%clk 01:26:51]} {[%emt
00:00:38]} d5 {[%clk 01:27:18]} {[%emt 00:01:51]} 11. cxd5 {[%clk 01:27:00]}
{[%emt 00:00:22]} Nxd5 {[%clk 01:27:36]} {[%emt 00:00:12]} 12. Ne3 {[%clk
01:27:02]} {[%emt 00:00:27]} Nde7 {[%clk 01:27:31]} {[%emt 00:00:36]} 13. Ne4
{[%clk 01:02:34]} {[%emt 00:24:58]} b6 {[%clk 01:21:39]} {[%emt 00:06:21]} 14.
Qa4 {[%clk 00:58:40]} {[%emt 00:04:25]} Rc8 {[%clk 01:17:46]} {[%emt 00:04:22]}
15. Nc4 {[%clk 00:33:50]} {[%emt 00:25:21]} O-O {[%clk 01:15:53]} {[%emt
00:02:23]} 16. Ned6 {[%clk 00:28:57]} {[%emt 00:05:23]} Rc7 {[%clk 00:58:59]}
{[%emt 00:17:23]} 17. Qb5 {[%clk 00:22:06]} {[%emt 00:07:22]} Nd4 {[%clk
00:50:42]} {[%emt 00:08:47]} 18. Qxb6 {[%clk 00:22:21]} {[%emt 00:00:15]} Nxe2+
{[%clk 00:49:45]} {[%emt 00:01:26]} 19. Kh1 {[%clk 00:22:49]} {[%emt 00:00:03]}
Nxc1 {[%clk 00:46:14]} {[%emt 00:04:01]} 20. Raxc1 {[%clk 00:22:27]} {[%emt
00:00:52]} Nc8 {[%clk 00:40:41]} {[%emt 00:06:03]} 21. Nxc8 {[%clk 00:20:55]}
{[%emt 00:02:02]} Rxc8 {[%clk 00:40:47]} {[%emt 00:00:24]} 22. Qxa5 {[%clk
00:19:58]} {[%emt 00:01:27]} Qxd3 {[%clk 00:39:50]} {[%emt 00:01:26]} 23. Nb6
{[%clk 00:19:24]} {[%emt 00:01:05]} Rcd8 {[%clk 00:34:20]} {[%emt 00:06:00]} 24.
Qxc5 {[%clk 00:15:09]} {[%emt 00:04:45]} e4 {[%clk 00:33:21]} {[%emt 00:01:29]}
25. Na4 {[%clk 00:03:35]} {[%emt 00:12:04]} Qb3 {[%clk 00:25:36]} {[%emt
00:08:14]} 26. Qb4 {[%clk 00:02:03]} {[%emt 00:02:04]} Qxb4 {[%clk 00:21:55]}
{[%emt 00:04:11]} 27. axb4 {[%clk 00:02:31]} {[%emt 00:00:02]} f5 {[%clk
00:14:01]} {[%emt 00:08:23]} 28. Nc5 {[%clk 00:02:59]} {[%emt 00:00:02]} Bf7
{[%clk 00:13:48]} {[%emt 00:00:43]} 29. b3 {[%clk 00:02:35]} {[%emt 00:00:54]}
Rd4 {[%clk 00:13:17]} {[%emt 00:01:00]} 30. b5 {[%clk 00:01:33]} {[%emt
00:01:33]} Rb4 {[%clk 00:11:13]} {[%emt 00:02:35]} 31. b6 {[%clk 00:01:42]}
{[%emt 00:00:21]} Bd4 {[%clk 00:09:26]} {[%emt 00:02:15]} 32. b7 {[%clk
00:01:31]} {[%emt 00:00:43]} Bxc5 {[%clk 00:09:32]} {[%emt 00:00:24]} 33. Rxc5
{[%clk 00:01:59]} {[%emt 00:00:02]} Rxb7 {[%clk 00:09:11]} {[%emt 00:00:51]} 34.
Rb1 {[%clk 00:01:34]} {[%emt 00:00:55]} Rxb3 {[%clk 00:08:11]} {[%emt
00:01:30]} 35. Rxb3 {[%clk 00:01:57]} {[%emt 00:00:06]} Bxb3 {[%clk 00:08:37]}
{[%emt 00:00:04]} 36. Bf1 {[%clk 00:02:21]} {[%emt 00:00:06]} Rd8 {[%clk
00:07:40]} {[%emt 00:01:27]} 37. Bc4+ {[%clk 00:02:40]} {[%emt 00:00:12]} Bxc4
{[%clk 00:08:03]} {[%emt 00:00:07]} 38. Rxc4 {[%clk 00:03:09]} {[%emt
00:00:01]} Kg7 {[%clk 00:05:26]} {[%emt 00:03:07]} 39. Rc7+ {[%clk 00:03:10]}
{[%emt 00:00:28]} Kh6 {[%clk 00:05:38]} {[%emt 00:00:19]} 40. h4 {[%clk
00:03:30]} {[%emt 00:00:09]} Rh8 {[%clk 00:06:02]} {[%emt 00:00:06]} 41. Kg2
{[%clk 00:03:38]} {[%emt 00:00:22]} Kh5 {[%clk 00:05:44]} {[%emt 00:00:48]} 42.
Ra7 {[%clk 00:03:44]} {[%emt 00:00:25]} Kg4 {[%clk 00:05:17]} {[%emt 00:00:56]}
43. Re7 {[%clk 00:03:53]} {[%emt 00:00:22]} h6 {[%clk 00:04:54]} {[%emt
00:00:53]} 44. Rg7 {[%clk 00:04:06]} {[%emt 00:00:17]} g5 {[%clk 00:04:54]}
{[%emt 00:00:30]} 45. hxg5 {[%clk 00:04:29]} {[%emt 00:00:06]} hxg5 {[%clk
00:05:14]} {[%emt 00:00:11]} 46. Re7 {[%clk 00:03:41]} {[%emt 00:01:18]} Ra8
{[%clk 00:05:40]} {[%emt 00:00:04]} 47. Re6 {[%clk 00:02:47]} {[%emt 00:01:23]}
Ra4 {[%clk 00:05:12]} {[%emt 00:00:59]} 48. Re8 {[%clk 00:02:48]} {[%emt
00:00:29]} Rb4 {[%clk 00:05:34]} {[%emt 00:00:08]} 49. Re7 {[%clk 00:02:27]}
{[%emt 00:00:51]} Rd4 {[%clk 00:03:49]} {[%emt 00:02:15]} 50. Re8 {[%clk
00:02:45]} {[%emt 00:00:11]} Rc4 {[%clk 00:04:15]} {[%emt 00:00:05]} 51. Re7
{[%clk 00:03:07]} {[%emt 00:00:08]} Ra4 {[%clk 00:04:30]} {[%emt 00:00:14]} 52.
Re8 {[%clk 00:03:31]} {[%emt 00:00:07]} Rd4 {[%clk 00:04:50]} {[%emt 00:00:10]}
53. Re7 {[%clk 00:03:54]} {[%emt 00:00:06]} Rc4 {[%clk 00:05:15]} {[%emt
00:00:06]} 54. Re8 {[%clk 00:04:19]} {[%emt 00:00:05]} Rb4 {[%clk 00:05:42]}
{[%emt 00:00:03]} 55. Re7 {[%clk 00:04:37]} {[%emt 00:00:12]} Kh5 {[%clk
00:05:21]} {[%emt 00:00:51]} 56. Re5 {[%clk 00:03:29]} {[%emt 00:01:37]} Kg6
{[%clk 00:05:42]} {[%emt 00:00:09]} 57. Re6+ {[%clk 00:03:19]} {[%emt
00:00:40]} Kf7 {[%clk 00:05:44]} {[%emt 00:00:29]} 58. Re5 {[%clk 00:03:39]}
{[%emt 00:00:10]} Kf6 {[%clk 00:06:05]} {[%emt 00:00:10]} 59. Re8 {[%clk
00:04:02]} {[%emt 00:00:07]} Rb5 {[%clk 00:06:04]} {[%emt 00:00:30]} 60. Rg8
{[%clk 00:02:23]} {[%emt 00:02:08]} Rc5 {[%clk 00:03:15]} {[%emt 00:03:20]} 61.
Rf8+ {[%clk 00:01:29]} {[%emt 00:01:24]} Kg7 {[%clk 00:02:08]} {[%emt
00:01:36]} 62. Ra8 {[%clk 00:01:37]} {[%emt 00:00:23]} Kf7 {[%clk 00:02:18]}
{[%emt 00:00:20]} 63. Ra4 {[%clk 00:01:13]} {[%emt 00:00:54]} Rd5 {[%clk
00:02:17]} {[%emt 00:00:31]} 64. g4 {[%clk 00:01:20]} {[%emt 00:00:22]} Rd2
{[%clk 00:02:05]} {[%emt 00:00:43]} 65. Kg1 {[%clk 00:01:09]} {[%emt 00:00:41]}
Rd1+ {[%clk 00:02:07]} {[%emt 00:00:28]} 66. Kg2 {[%clk 00:01:24]} {[%emt
00:00:15]} Rd2 {[%clk 00:02:04]} {[%emt 00:00:33]} 67. Kg1 {[%clk 00:01:49]}
{[%emt 00:00:05]} Kf6 {[%clk 00:02:27]} {[%emt 00:00:07]} 68. gxf5 {[%clk
00:01:29]} {[%emt 00:00:50]} Kxf5 {[%clk 00:02:37]} {[%emt 00:00:19]} 69. Ra3
{[%clk 00:01:32]} {[%emt 00:00:28]} Kf4 {[%clk 00:02:55]} {[%emt 00:00:12]} 70.
Kg2 {[%clk 00:01:34]} {[%emt 00:00:27]} g4 {[%clk 00:02:03]} {[%emt 00:01:23]}
71. Rb3 {[%clk 00:01:38]} {[%emt 00:00:26]} Rc2 {[%clk 00:02:21]} {[%emt
00:00:12]} 72. Ra3 {[%clk 00:02:01]} {[%emt 00:00:06]} Rb2 {[%clk 00:02:48]}
{[%emt 00:00:04]} 73. Rc3 {[%clk 00:02:25]} {[%emt 00:00:06]} Ra2 {[%clk
00:03:14]} {[%emt 00:00:04]} 74. Rb3 {[%clk 00:02:47]} {[%emt 00:00:08]} Rc2
{[%clk 00:03:30]} {[%emt 00:00:13]} 75. Ra3 {[%clk 00:03:04]} {[%emt 00:00:14]}
Rb2 {[%clk 00:02:43]} {[%emt 00:01:17]} 76. Rc3 {[%clk 00:03:28]} {[%emt
00:00:06]} Ra2 {[%clk 00:03:06]} {[%emt 00:00:07]} 77. Rb3 {[%clk 00:03:52]}
{[%emt 00:00:06]} Rd2 {[%clk 00:03:33]} {[%emt 00:00:03]} 78. Ra3 {[%clk
00:04:02]} {[%emt 00:00:19]} Rd3 {[%clk 00:03:48]} {[%emt 00:00:16]} 79. Ra8
{[%clk 00:04:08]} {[%emt 00:00:24]} g3 {[%clk 00:03:24]} {[%emt 00:00:54]} 80.
Rf8+ {[%clk 00:03:53]} {[%emt 00:00:45]} Ke5 {[%clk 00:02:38]} {[%emt
00:01:17]} 81. fxg3 {[%clk 00:03:28]} {[%emt 00:00:55]} Kd4 {[%clk 00:03:00]}
{[%emt 00:00:07]} 82. Kf2 {[%clk 00:02:14]} {[%emt 00:01:44]} Rd2+ {[%clk
00:03:19]} {[%emt 00:00:11]} 83. Ke1 {[%clk 00:02:29]} {[%emt 00:00:14]} Ke3
{[%clk 00:03:40]} {[%emt 00:00:09]} 84. Ra8 {[%clk 00:02:24]} {[%emt 00:00:36]}
Rd3 {[%clk 00:03:55]} {[%emt 00:00:15]} 85. g4 {[%clk 00:02:18]} {[%emt
00:00:36]} Rb3 {[%clk 00:03:07]} {[%emt 00:01:18]} 86. Ra1 {[%clk 00:01:59]}
{[%emt 00:00:50]} Kf3 {[%clk 00:02:34]} {[%emt 00:01:02]} 87. g5 {[%clk
00:01:56]} {[%emt 00:00:33]} e3 {[%clk 00:02:47]} {[%emt 00:00:17]} 88. Kd1
{[%clk 00:00:49]} {[%emt 00:01:37]} Rb5 {[%clk 00:01:37]} {[%emt 00:01:40]} 89.
g6 {[%clk 00:00:44]} {[%emt 00:00:35]} Rg5 {[%clk 00:01:29]} {[%emt 00:00:37]}
90. Kc2 {[%clk 00:00:46]} {[%emt 00:00:29]} Rxg6 {[%clk 00:00:41]} {[%emt
00:01:18]} 91. Ra8 {[%clk 00:00:46]} {[%emt 00:00:29]} Ke2 {[%clk 00:01:01]}
{[%emt 00:00:10]} 92. Rc8 {[%clk 00:00:57]} {[%emt 00:00:19]} Ke1 {[%clk
00:01:23]} {[%emt 00:00:09]} 93. Kd3 {[%clk 00:00:51]} {[%emt 00:00:36]} e2
{[%clk 00:01:45]} {[%emt 00:00:07]} 94. Ke3 {[%clk 00:00:51]} {[%emt 00:00:30]}
Re6+ {[%clk 00:02:01]} {[%emt 00:00:15]} 95. Kd3 {[%clk 00:00:46]} {[%emt
00:00:36]} Rd6+ {[%clk 00:02:20]} {[%emt 00:00:11]} 96. Ke3 {[%clk 00:01:05]}
{[%emt 00:00:11]} Kd1 {[%clk 00:02:42]} {[%emt 00:00:07]}  0-1

[Event "2nd Easter 4NCL Congress"]
[Site "Daventry"]
[Date "2022.04.15"]
[Round "1"]
[Board "18"]
[White "Cordova Lopez, Diego Anton"]
[Black "Lentzos, Ioannis"]
[Result "0-1"]
[WhiteElo "1896"]
[BlackElo "2152"]
[PlyCount "0"]
[EventDate "2022.04.15"]
[EventRounds "7"]
[EventCountry "ENG"]

1. e4 {[%clk 01:30:57]} {[%emt 00:00:03]} c5 {[%clk 01:30:57]} {[%emt
00:00:04]} 2. Nf3 {[%clk 01:31:23]} {[%emt 00:00:04]} e6 {[%clk 01:31:24]}
{[%emt 00:00:04]} 3. d4 {[%clk 01:31:48]} {[%emt 00:00:04]} cxd4 {[%clk
01:31:50]} {[%emt 00:00:04]} 4. Nxd4 {[%clk 01:32:08]} {[%emt 00:00:10]} Nc6
{[%clk 01:32:17]} {[%emt 00:00:04]} 5. Nc3 {[%clk 01:32:31]} {[%emt 00:00:06]}
Qc7 {[%clk 01:32:41]} {[%emt 00:00:06]} 6. f4 {[%clk 01:32:56]} {[%emt
00:00:06]} a6 {[%clk 01:32:58]} {[%emt 00:00:13]} 7. Nxc6 {[%clk 01:33:15]}
{[%emt 00:00:10]} Qxc6 {[%clk 01:33:21]} {[%emt 00:00:07]} 8. Bd3 {[%clk
01:32:55]} {[%emt 00:00:50]} b5 {[%clk 01:33:29]} {[%emt 00:00:21]} 9. a3
{[%clk 01:32:17]} {[%emt 00:01:09]} Bb7 {[%clk 01:33:47]} {[%emt 00:00:13]} 10.
Qe2 {[%clk 01:31:36]} {[%emt 00:01:10]} Bc5 {[%clk 01:33:58]} {[%emt 00:00:19]}
11. Be3 {[%clk 01:27:36]} {[%emt 00:04:30]} Ne7 {[%clk 01:34:07]} {[%emt
00:00:22]} 12. O-O {[%clk 01:23:52]} {[%emt 00:04:14]} d6 {[%clk 01:17:59]}
{[%emt 00:16:38]} 13. Kh1 {[%clk 01:20:46]} {[%emt 00:03:35]} O-O {[%clk
01:07:28]} {[%emt 00:11:02]} 14. Rf3 {[%clk 01:14:30]} {[%emt 00:06:45]} Bxe3
{[%clk 01:01:03]} {[%emt 00:06:55]} 15. Rxe3 {[%clk 01:12:21]} {[%emt
00:02:39]} e5 {[%clk 01:00:58]} {[%emt 00:00:35]} 16. Nd5 {[%clk 01:09:24]}
{[%emt 00:03:27]} Rfe8 {[%clk 00:38:14]} {[%emt 00:23:15]} 17. f5 {[%clk
01:01:54]} {[%emt 00:08:00]} f6 {[%clk 00:34:11]} {[%emt 00:04:33]} 18. c4
{[%clk 00:42:35]} {[%emt 00:19:49]} Nxd5 {[%clk 00:27:44]} {[%emt 00:06:57]} 19.
exd5 {[%clk 00:39:48]} {[%emt 00:03:17]} Qb6 {[%clk 00:18:28]} {[%emt
00:09:46]} 20. cxb5 {[%clk 00:35:21]} {[%emt 00:04:57]} axb5 {[%clk 00:18:45]}
{[%emt 00:00:13]} 21. Bxb5 {[%clk 00:34:42]} {[%emt 00:01:09]} Reb8 {[%clk
00:18:59]} {[%emt 00:00:16]} 22. Bc4 {[%clk 00:33:32]} {[%emt 00:01:40]} Bc8
{[%clk 00:15:29]} {[%emt 00:04:00]} 23. Rb3 {[%clk 00:23:04]} {[%emt 00:10:58]}
Qd4 {[%clk 00:15:52]} {[%emt 00:00:08]} 24. Qc2 {[%clk 00:21:38]} {[%emt
00:01:55]} Rxb3 {[%clk 00:15:12]} {[%emt 00:01:10]} 25. Bxb3 {[%clk 00:21:39]}
{[%emt 00:00:29]} Rb8 {[%clk 00:15:28]} {[%emt 00:00:15]} 26. Rf1 {[%clk
00:21:27]} {[%emt 00:00:41]} Ba6 {[%clk 00:15:24]} {[%emt 00:00:34]} 27. Rf2
{[%clk 00:15:19]} {[%emt 00:06:38]} Qe3 {[%clk 00:09:19]} {[%emt 00:06:35]} 28.
h3 {[%clk 00:12:20]} {[%emt 00:03:29]} Qxb3 {[%clk 00:09:29]} {[%emt 00:00:20]}
29. Qc6 {[%clk 00:09:45]} {[%emt 00:03:05]} Qb6 {[%clk 00:09:30]} {[%emt
00:00:29]} 30. Rc2 {[%clk 00:10:09]} {[%emt 00:00:05]} Qxc6 {[%clk 00:09:32]}
{[%emt 00:00:29]} 31. dxc6 {[%clk 00:09:21]} {[%emt 00:01:18]} Bd3 {[%clk
00:04:09]} {[%emt 00:05:53]} 32. Rc3 {[%clk 00:08:35]} {[%emt 00:01:15]} Bxf5
{[%clk 00:04:20]} {[%emt 00:00:20]} 33. c7 {[%clk 00:08:12]} {[%emt 00:00:53]}
Rxb2 {[%clk 00:03:37]} {[%emt 00:01:13]} 34. c8=Q+ {[%clk 00:08:17]} {[%emt
00:00:24]} Bxc8 {[%clk 00:04:05]} {[%emt 00:00:03]} 35. Rxc8+ {[%clk 00:08:44]}
{[%emt 00:00:03]} Kf7 {[%clk 00:04:30]} {[%emt 00:00:05]} 36. Rc7+ {[%clk
00:09:05]} {[%emt 00:00:10]} Kg6 {[%clk 00:04:27]} {[%emt 00:00:32]} 37. Rd7
{[%clk 00:09:30]} {[%emt 00:00:05]} Rb6 {[%clk 00:04:48]} {[%emt 00:00:09]} 38.
a4 {[%clk 00:09:53]} {[%emt 00:00:08]} Ra6 {[%clk 00:05:06]} {[%emt 00:00:11]}
39. Kg1 {[%clk 00:10:11]} {[%emt 00:00:12]} h5 {[%clk 00:05:23]} {[%emt
00:00:13]} 40. g3 {[%clk 00:10:33]} {[%emt 00:00:09]} Kf5 {[%clk 00:04:11]}
{[%emt 00:01:42]} 41. Rxg7 {[%clk 00:09:58]} {[%emt 00:01:04]} Rxa4 {[%clk
00:03:29]} {[%emt 00:01:12]} 42. Rd7 {[%clk 00:10:16]} {[%emt 00:00:11]} Rd4
{[%clk 00:03:44]} {[%emt 00:00:16]}  0-1

[Event "2nd Easter 4NCL Congress"]
[Site "Daventry"]
[Date "2022.04.15"]
[Round "1"]
[Board "19"]
[White "Mason, Donald J"]
[Black "Gordon, Sean"]
[Result "1/2-1/2"]
[WhiteElo "2152"]
[BlackElo "1887"]
[PlyCount "0"]
[EventDate "2022.04.15"]
[EventRounds "7"]
[EventCountry "ENG"]

1. e4 {[%clk 01:30:09]} {[%emt 00:00:50]} c5 {[%clk 01:30:54]} {[%emt
00:00:07]} 2. Nf3 {[%clk 01:30:25]} {[%emt 00:00:13]} d6 {[%clk 01:31:17]}
{[%emt 00:00:07]} 3. Bb5+ {[%clk 01:30:25]} {[%emt 00:00:30]} Bd7 {[%clk
01:31:19]} {[%emt 00:00:28]} 4. Bxd7+ {[%clk 01:30:23]} {[%emt 00:00:32]} Nxd7
{[%clk 01:31:38]} {[%emt 00:00:10]} 5. d3 {[%clk 01:28:09]} {[%emt 00:02:42]}
Ngf6 {[%clk 01:29:24]} {[%emt 00:02:45]} 6. O-O {[%clk 01:28:06]} {[%emt
00:00:33]} e6 {[%clk 01:28:53]} {[%emt 00:01:02]} 7. b3 {[%clk 01:24:10]}
{[%emt 00:04:25]} Be7 {[%clk 01:27:58]} {[%emt 00:01:25]} 8. Bb2 {[%clk
01:24:26]} {[%emt 00:00:14]} O-O {[%clk 01:26:36]} {[%emt 00:01:52]} 9. c4
{[%clk 01:22:26]} {[%emt 00:02:29]} a6 {[%clk 01:15:37]} {[%emt 00:11:29]} 10.
Nc3 {[%clk 01:22:05]} {[%emt 00:00:51]} Rb8 {[%clk 01:15:32]} {[%emt 00:00:36]}
11. a4 {[%clk 01:18:00]} {[%emt 00:04:35]} Ne8 {[%clk 01:13:05]} {[%emt
00:02:57]} 12. d4 {[%clk 01:16:52]} {[%emt 00:01:38]} cxd4 {[%clk 01:10:45]}
{[%emt 00:02:51]} 13. Nxd4 {[%clk 01:17:20]} {[%emt 00:00:02]} Bf6 {[%clk
01:08:24]} {[%emt 00:02:51]} 14. a5 {[%clk 01:10:30]} {[%emt 00:07:20]} Qc7
{[%clk 01:07:32]} {[%emt 00:01:23]} 15. Kh1 {[%clk 01:07:46]} {[%emt 00:03:13]}
b6 {[%clk 01:05:48]} {[%emt 00:02:14]} 16. axb6 {[%clk 01:02:04]} {[%emt
00:06:12]} Qxb6 {[%clk 01:04:34]} {[%emt 00:01:44]} 17. Na4 {[%clk 00:43:58]}
{[%emt 00:18:36]} Qb7 {[%clk 01:03:34]} {[%emt 00:01:29]} 18. Re1 {[%clk
00:39:22]} {[%emt 00:05:06]} Bxd4 {[%clk 00:53:48]} {[%emt 00:10:17]} 19. Qxd4
{[%clk 00:16:49]} {[%emt 00:23:03]} e5 {[%clk 00:49:05]} {[%emt 00:05:13]} 20.
Qd2 {[%clk 00:10:58]} {[%emt 00:06:20]} Qxb3 {[%clk 00:47:06]} {[%emt
00:02:30]} 21. c5 {[%clk 00:11:26]} {[%emt 00:00:01]} Nxc5 {[%clk 00:39:05]}
{[%emt 00:08:31]} 22. Nxc5 {[%clk 00:11:53]} {[%emt 00:00:02]} dxc5 {[%clk
00:39:00]} {[%emt 00:00:35]} 23. Bxe5 {[%clk 00:12:11]} {[%emt 00:00:12]} Rb6
{[%clk 00:36:18]} {[%emt 00:03:11]} 24. h3 {[%clk 00:12:05]} {[%emt 00:00:36]}
f6 {[%clk 00:35:44]} {[%emt 00:01:05]} 25. Bg3 {[%clk 00:11:19]} {[%emt
00:01:16]} Rf7 {[%clk 00:29:31]} {[%emt 00:06:43]} 26. Rec1 {[%clk 00:07:20]}
{[%emt 00:04:29]} Qe6 {[%clk 00:23:38]} {[%emt 00:06:22]} 27. Qd5 {[%clk
00:06:44]} {[%emt 00:01:05]} Re7 {[%clk 00:19:24]} {[%emt 00:04:45]} 28. Rxc5
{[%clk 00:05:12]} {[%emt 00:02:02]} Rd7 {[%clk 00:16:29]} {[%emt 00:03:24]} 29.
Qxe6+ {[%clk 00:01:24]} {[%emt 00:04:19]} Rxe6 {[%clk 00:16:54]} {[%emt
00:00:06]} 30. f3 {[%clk 00:01:40]} {[%emt 00:00:13]} Rd8 {[%clk 00:13:02]}
{[%emt 00:04:22]} 31. Rac1 {[%clk 00:01:29]} {[%emt 00:00:41]} Kf7 {[%clk
00:11:33]} {[%emt 00:01:59]} 32. Rc6 {[%clk 00:01:27]} {[%emt 00:00:31]} Rd1+
{[%clk 00:11:01]} {[%emt 00:01:02]} 33. Rxd1 {[%clk 00:01:00]} {[%emt
00:00:57]} Rxc6 {[%emt 00:00:24]} 34. Rd7+ {[%clk 00:01:11]} Ke6 {[%clk
00:10:27]} {[%emt 00:01:28]} 35. Ra7 {[%clk 00:01:39]} {[%emt 00:00:02]} h6
{[%clk 00:08:39]} {[%emt 00:02:18]} 36. f4 {[%clk 00:00:58]} {[%emt 00:01:11]}
f5 {[%clk 00:07:32]} {[%emt 00:01:37]} 37. e5 {[%clk 00:01:00]} {[%emt
00:00:29]} g5 {[%clk 00:07:00]} {[%emt 00:01:01]} 38. Rh7 {[%clk 00:01:02]}
{[%emt 00:00:28]} Kd5 {[%clk 00:06:24]} {[%emt 00:01:06]} 39. Re7 {[%clk
00:00:44]} {[%emt 00:00:48]} Nc7 {[%clk 00:06:12]} {[%emt 00:00:42]} 40. h4
{[%clk 00:00:59]} {[%emt 00:00:15]} gxf4 {[%clk 00:06:00]} {[%emt 00:00:42]} 41.
Bxf4 {[%clk 00:01:25]} {[%emt 00:00:04]} a5 {[%clk 00:06:02]} {[%emt 00:00:29]}
42. e6 {[%clk 00:00:48]} {[%emt 00:01:07]} Nxe6 {[%clk 00:06:07]} {[%emt
00:00:24]} 43. Bxh6 {[%clk 00:00:59]} {[%emt 00:00:19]} Ra6 {[%clk 00:06:15]}
{[%emt 00:00:22]} 44. Bc1 {[%clk 00:01:11]} {[%emt 00:00:18]} a4 {[%clk
00:06:07]} {[%emt 00:00:39]} 45. Ba3 {[%clk 00:01:01]} {[%emt 00:00:39]} Ke5
{[%clk 00:04:41]} {[%emt 00:01:56]} 46. Bb2+ {[%clk 00:01:09]} {[%emt
00:00:21]} Kd6 {[%clk 00:04:37]} {[%emt 00:00:34]} 47. Rf7 {[%clk 00:01:05]}
{[%emt 00:00:34]} f4 {[%clk 00:04:26]} {[%emt 00:00:43]} 48. h5 {[%clk
00:00:52]} {[%emt 00:00:43]} a3 {[%clk 00:04:33]} {[%emt 00:00:23]} 49. Bc3
{[%clk 00:01:06]} {[%emt 00:00:14]} a2 {[%clk 00:04:41]} {[%emt 00:00:23]} 50.
h6 {[%clk 00:00:53]} {[%emt 00:00:43]} a1=Q+ {[%clk 00:04:07]} {[%emt
00:01:05]} 51. Bxa1 {[%clk 00:01:21]} Rxa1+ {[%clk 00:04:29]} {[%emt 00:00:09]}
52. Kh2 {[%clk 00:01:49]} {[%emt 00:00:02]} Ra5 {[%clk 00:04:25]} {[%emt
00:00:34]} 53. g4 {[%clk 00:01:34]} {[%emt 00:00:44]} fxg3+ {[%clk 00:04:29]}
{[%emt 00:00:26]} 54. Kxg3 {[%clk 00:01:44]} {[%emt 00:00:20]} Rh5 {[%clk
00:04:51]} {[%emt 00:00:08]} 55. h7 {[%clk 00:01:44]} {[%emt 00:00:30]}  1/2-1/2